| 000 | 00527nam a22001697a 4500 | ||
|---|---|---|---|
| 005 | 20260226102622.0 | ||
| 008 | 260226b |||||||| |||| 00| 0 eng d | ||
| 020 | _a978-1-292-34155-2 | ||
| 100 | _aSHARDA, RAMESH | ||
| 245 |
_aANALYTICS, DATA SCIENCE, AND ARTIFICIAL INTELLIGENCE _bSYSTMES FOR DECISION SUPPORT |
||
| 250 | _a11TH ED | ||
| 260 |
_aHARLOW, ENGLAND _bPEARSON _c2021 |
||
| 300 | _a831P. | ||
| 500 | _aINCLUDES INDEX | ||
| 650 | _a1. MANAGEMENT - DATA PROCESSING 2. DECISION SUPPORT SYSTEMS | ||
| 942 |
_2lcc _cBK |
||
| 999 |
_c216691 _d216691 |
||